[Event "Lichtenberger Sommer 2023"]
[Site "Berlin"]
[Date "2023.08.12"]
[Round "1.77"]
[White "Muskewitz, Bernd"]
[Black "Straßburg, Moritz"]
[Result "1/2-1/2"]
[WhiteElo "1879"]
[BlackElo "1300"]
[PlyCount "107"]
[EventDate "2023.??.??"]
[WhiteTeam "SF Nordost Berlin"]
[BlackTeam "SF Nordost Berlin"]

1. e4 c5 2. Nf3 d6 3. c3 Nf6 4. Be2 Bd7 5. d3 Nc6 6. O-O e5 7. Be3 Be7 8. h3
O-O 9. Nbd2 d5 10. Bg5 d4 11. Bh4 Qc7 12. Bg3 Bd6 13. Rc1 Be6 14. cxd4 cxd4 15.
b4 Qb6 16. a3 a5 17. Nc4 Bxc4 18. Rxc4 axb4 19. axb4 Qb5 20. Qc1 Nd7 21. Qg5
Nb6 22. Nxd4 Nxd4 23. Rxd4 f6 24. Qf5 Bxb4 25. Rb1 Ra4 26. Bd1 Qc5 27. Bxa4
Qxd4 28. Qe6+ Kh8 29. Bb5 Bc5 30. Qa2 Qd6 31. Kh2 g5 32. f3 h5 33. Bf2 Bxf2 34.
Qxf2 Nd7 35. Bxd7 Qxd7 36. Qb6 Qxd3 37. Qxb7 h4 38. Qe7 Qd8 39. Rb7 Qxe7 40.
Rxe7 Rc8 41. Rd7 Rc6 42. Kg1 Kg8 43. Ra7 Rc1+ 44. Kf2 Rc2+ 45. Kf1 Rb2 46. Ra1
Kf7 47. Re1 Kg6 48. Re2 Rxe2 49. Kxe2 f5 50. Kd3 fxe4+ 51. Kxe4 Kf6 52. Kd3 Kf5
53. Ke3 Kg6 54. Ke4 1/2-1/2

[Event "Lichtenberger Sommer 2023"]
[Site "Berlin"]
[Date "2023.08.12"]
[Round "1.79"]
[White "Kapr, Klaus"]
[Black "Schmidt, Alexander Nadvid"]
[Result "1-0"]
[WhiteElo "1876"]
[BlackElo "1274"]
[PlyCount "41"]
[EventDate "2023.??.??"]
[WhiteTeam "SC Friesen Lichtenberg e.V."]
[BlackTeam "SK Zehlendorf e.V."]

1. e4 e5 2. f4 exf4 3. Nf3 Nc6 4. d4 d6 5. Bxf4 Bg4 6. Bb5 a6 7. Bxc6+ bxc6 8.
O-O Be7 9. Nc3 Rb8 10. Qd3 Rxb2 11. Rab1 Rxb1 12. Rxb1 Qa8 13. d5 c5 14. e5 Qa7
15. Qe3 Bxf3 16. exd6 cxd6 17. Bxd6 Bh5 18. Rb8+ Kd7 19. Rxg8 Bxd6 20. Qe8+ Kc7
21. Qc6# 1-0

[Event "Lichtenberger Sommer 2023"]
[Site "Berlin"]
[Date "2023.08.12"]
[Round "1.80"]
[White "Rapp, David"]
[Black "Damm, Yannic"]
[Result "0-1"]
[WhiteElo "1271"]
[BlackElo "1873"]
[PlyCount "112"]
[EventDate "2023.??.??"]
[WhiteTeam "SV Königsjäger Süd-West e.V."]
[BlackTeam "SC Bonn Beuel"]

1. d4 Nf6 2. c4 e6 3. Nf3 d5 4. e3 Be7 5. Be2 O-O 6. O-O dxc4 7. Bxc4 b6 8.
Nbd2 Bb7 9. Qc2 Nbd7 10. b3 c5 11. Bb2 Rc8 12. Qd3 Qc7 13. Ba6 cxd4 14. Rfc1
Nc5 15. Qb1 Bxa6 16. exd4 Qf4 17. dxc5 Bxc5 18. Be5 Qh6 19. Ne4 Nxe4 20. Qxe4
Rfd8 21. Bf4 Qg6 22. Qxg6 hxg6 23. Rd1 f6 24. Be3 Bxe3 25. fxe3 Kf7 26. Rac1
Rxd1+ 27. Rxd1 Ke7 28. Rd2 e5 29. h4 Rc1+ 30. Kh2 Bb7 31. Kg3 Be4 32. Kf2 Rc2
33. Rxc2 Bxc2 34. Ke2 Kd6 35. Kd2 Be4 36. Ne1 Kc5 37. Kc3 a5 38. a3 b5 39. b4+
axb4+ 40. axb4+ Kd5 41. g4 f5 42. g5 f4 43. exf4 exf4 44. Nd3 Bxd3 45. Kxd3 Ke5
46. Ke2 Ke4 47. Kf2 f3 48. Ke1 Ke3 49. h5 gxh5 50. Kf1 h4 51. g6 h3 52. Kg1 Ke2
53. Kh2 f2 54. Kg3 f1=Q 55. Kg4 h2 56. Kg3 h1=Q 0-1

[Event "Lichtenberger Sommer 2023"]
[Site "Berlin"]
[Date "2023.08.12"]
[Round "1.81"]
[White "Nguyen, Tuan Kiet"]
[Black "Franchina, Giuseppe"]
[Result "1-0"]
[WhiteElo "1873"]
[BlackElo "1200"]
[PlyCount "61"]
[EventDate "2023.??.??"]
[WhiteTeam "SG Eckturm"]

1. e4 e5 2. Nf3 Nc6 3. Bb5 Bc5 4. O-O Nf6 5. c3 O-O 6. d4 exd4 7. cxd4 Bb6 8.
Nc3 Ne7 9. Bg5 c6 10. Bxf6 gxf6 11. Bd3 d5 12. Qc2 dxe4 13. Nxe4 Ng6 14. h3
Bxd4 15. Nxd4 Qxd4 16. Ng3 Be6 17. Rad1 Qf4 18. Rfe1 Bd5 19. Nh5 Bxg2 20. Nxf4
Nxf4 21. Re3 Kh8 22. Bf1 Bd5 23. Qf5 Rg8+ 24. Kh2 Ng2 25. Qxf6+ Rg7 26. Rg3
Rag8 27. Bxg2 Bxg2 28. Rxg2 h6 29. Qxh6+ Rh7 30. Rxg8+ Kxg8 31. Rd8# 1-0

[Event "Lichtenberger Sommer 2023"]
[Site "Berlin"]
[Date "2023.08.12"]
[Round "1.82"]
[White "Pawlowski, Lion"]
[Black "Schubert, Joachim"]
[Result "0-1"]
[WhiteElo "1200"]
[BlackElo "1872"]
[PlyCount "76"]
[EventDate "2023.??.??"]
[WhiteTeam "SC Zugzwang 95 e.V."]
[BlackTeam "SC Friesen Lichtenberg e.V."]

1. c4 f5 2. Nc3 Nf6 3. Nf3 e6 4. g3 c6 5. Bg2 d5 6. cxd5 exd5 7. d4 Bd6 8. Bg5
O-O 9. e3 Nbd7 10. O-O h6 11. Bf4 Bxf4 12. exf4 Ne4 13. Qc2 Ndf6 14. Ne5 Qb6
15. Rfd1 Bd7 16. Na4 Qc7 17. Nc5 Nxc5 18. dxc5 Rad8 19. a4 Bc8 20. b4 Nd7 21.
Ng6 Rf7 22. Re1 Nf8 23. Ne5 Rf6 24. Rad1 g5 25. fxg5 hxg5 26. Qd2 f4 27. g4 Re8
28. Qb2 Rfe6 29. Nf3 Rxe1+ 30. Rxe1 Rxe1+ 31. Nxe1 Bxg4 32. Nf3 Bxf3 33. Bxf3
Qg7 34. Qe2 Ng6 35. Bh5 Qe5 36. Qg4 Qe1+ 37. Kg2 Nh4+ 38. Kh3 Qf1+ 0-1

[Event "Lichtenberger Sommer 2023"]
[Site "Berlin"]
[Date "2023.08.12"]
[Round "1.83"]
[White "Besombes, Romain"]
[Black "Knol, Jeffrey"]
[Result "1-0"]
[WhiteElo "1867"]
[BlackElo "1179"]
[PlyCount "93"]
[EventDate "2023.??.??"]
[WhiteTeam "SF Berlin 1903 e.V."]
[BlackTeam "Schaakvereniging Almere"]

1. d4 e6 2. Bf4 d5 3. e3 Nf6 4. Nf3 Be7 5. Ne5 Nbd7 6. Nd2 O-O 7. Bd3 b6 8. Nc6
Qe8 9. Bxc7 Bb7 10. Nxe7+ Qxe7 11. Bf4 e5 12. dxe5 Nxe5 13. Bxe5 Qxe5 14. c3
Rad8 15. Nf3 Qe6 16. O-O Rfe8 17. Re1 Ne4 18. Qe2 Bc8 19. Nd4 Qf6 20. Rad1 Bd7
21. f3 Nc5 22. Bb5 Re5 23. Bxd7 Rxd7 24. Nb3 Qd6 25. Nxc5 Qxc5 26. Qd3 Rde7 27.
Kf2 g5 28. Qd4 Qb5 29. b3 Qd7 30. c4 Qf5 31. g4 Qd7 32. cxd5 Qd6 33. Kg2 f5 34.
h3 Rd7 35. e4 f4 36. Rc1 Rde7 37. Red1 Qa3 38. Rc2 Qd6 39. Rc6 Qd7 40. Qc3 Qb7
41. d6 Rd7 42. Rc8+ Kf7 43. Qxe5 Qxc8 44. Qf5+ Ke8 45. Qe6+ Kf8 46. Qf6+ Ke8
47. Qh8+ 1-0

[Event "Lichtenberger Sommer 2023"]
[Site "Berlin"]
[Date "2023.08.12"]
[Round "1.84"]
[White "Biermann, Oliver"]
[Black "Kapp, Frank"]
[Result "0-1"]
[WhiteElo "1174"]
[BlackElo "1861"]
[PlyCount "43"]
[EventDate "2023.??.??"]
[WhiteTeam "SC Kreuzberg e.V."]
[BlackTeam "TSV IFA Chemnitz"]

1. d4 e6 2. Nf3 f5 3. Bf4 Nf6 4. c3 Be7 5. e3 O-O 6. Nbd2 d5 7. Ne5 Nbd7 8.
Ndf3 Ne4 9. Nxd7 Bxd7 10. Ne5 c5 11. Rc1 c4 12. b3 b5 13. Be2 Rc8 14. O-O Ba3
15. Rc2 cxb3 16. axb3 Nxc3 17. Rxc3 Rxc3 18. Qb1 a5 19. Nxd7 Qxd7 20. Qa2 b4
21. Re1 Rfc8 22. Rd1 0-1

[Event "Lichtenberger Sommer 2023"]
[Site "Berlin"]
[Date "2023.08.12"]
[Round "1.85"]
[White "Matitschka, Johannes"]
[Black "Lippert, Marc"]
[Result "1-0"]
[WhiteElo "1855"]
[BlackElo "1103"]
[PlyCount "53"]
[EventDate "2023.??.??"]
[WhiteTeam "TSG Oberschöneweide e.V."]
[BlackTeam "SVG Läufer Reinickendorf e.V."]

1. Nf3 Nf6 2. g3 g6 3. Bg2 Bg7 4. d3 d5 5. Nbd2 c5 6. e4 O-O 7. O-O Nc6 8. c3
b6 9. Qc2 Qc7 10. Nh4 Rd8 11. f4 e5 12. Ndf3 dxe4 13. dxe4 Bb7 14. fxe5 Nxe5
15. Nxe5 Qxe5 16. Bf4 Bxe4 17. Bxe5 Bxc2 18. Bxa8 Rxa8 19. Bxf6 Bd3 20. Rf2 Bh6
21. Rd1 c4 22. Ng2 Re8 23. Nf4 Be4 24. Re2 Bf8 25. Rd8 Bc5+ 26. Kf1 Kf8 27.
Rxe4 1-0

[Event "Lichtenberger Sommer 2023"]
[Site "Berlin"]
[Date "2023.08.12"]
[Round "1.86"]
[White "Dragnev, Stoyan"]
[Black "Rosmait, Emily"]
[Result "0-1"]
[WhiteElo "1100"]
[BlackElo "1855"]
[PlyCount "96"]
[EventDate "2023.??.??"]
[WhiteTeam "vereinslos"]
[BlackTeam "TuRa Harksheide von 1945 Norders"]

1. d4 Nf6 2. Bf4 e6 3. e3 Be7 4. Bd3 d5 5. Nd2 b6 6. c3 Bb7 7. Ngf3 O-O 8. Ng5
h6 9. h4 c5 10. Ndf3 Nbd7 11. Ne5 Nxe5 12. Bxe5 Ne4 13. Qg4 Bxg5 14. f4 Bf6 15.
Rh3 Kh8 16. Qh5 cxd4 17. Bxd4 Bxd4 18. exd4 Qf6 19. Rf3 Qf5 20. g4 Qxh5 21.
gxh5 Nf6 22. O-O-O Nxh5 23. Rg1 Nf6 24. Rfg3 Rg8 25. Rh1 Ne4 26. Rf3 Rge8 27.
Rg1 Rac8 28. Bf1 a6 29. Bh3 Rc7 30. Re1 b5 31. a3 a5 32. Kc2 b4 33. f5 e5 34.
f6 gxf6 35. Bf5 exd4 36. Bxe4 dxe4 37. Rxf6 Re6 38. Rf4 bxc3 39. bxc3 Rxc3+ 40.
Kd2 e3+ 41. Ke2 d3+ 42. Kf1 d2 43. Rxf7 dxe1=Q+ 44. Kxe1 Ba6 45. Rf8+ Kg7 46.
Rd8 Rc1+ 47. Rd1 Rg6 48. Rxc1 Rg1# 0-1

[Event "Lichtenberger Sommer 2023"]
[Site "Berlin"]
[Date "2023.08.12"]
[Round "1.87"]
[White "Schmidt, Fabian"]
[Black "Reißmann, Edmund"]
[Result "1-0"]
[WhiteElo "1848"]
[BlackElo "1094"]
[PlyCount "53"]
[EventDate "2023.??.??"]
[WhiteTeam "SV Königsjäger Süd-West e.V."]
[BlackTeam "SV Erzgebirge Stollber"]

1. e4 e6 2. d4 d5 3. Nd2 c5 4. exd5 exd5 5. Bb5+ Bd7 6. Bxd7+ Nxd7 7. Ne2 Ngf6
8. O-O Bd6 9. Nf3 O-O 10. dxc5 Nxc5 11. Bg5 Nce4 12. Bh4 Re8 13. Ng3 Nxg3 14.
hxg3 Be7 15. Nd4 Ne4 16. Bxe7 Rxe7 17. Qg4 g6 18. Rad1 Qd7 19. Qh4 Rae8 20. c3
Re5 21. Qf4 Rh5 22. Rfe1 Qd8 23. Nf3 Qf6 24. Rxe4 Qxf4 25. Rxf4 Kg7 26. Rfd4
Rd8 27. g4 1-0

[Event "Lichtenberger Sommer 2023"]
[Site "Berlin"]
[Date "2023.08.12"]
[Round "1.88"]
[White "Lippianowski, Stefan"]
[Black "Gmeiner, Joram"]
[Result "0-1"]
[WhiteElo "1064"]
[BlackElo "1847"]
[PlyCount "38"]
[EventDate "2023.??.??"]
[WhiteTeam "SV Mattnetz Berlin e.V."]
[BlackTeam "SF Siemensstadt"]

1. e4 c5 2. Bc4 e6 3. Nc3 a6 4. a4 Nc6 5. Nf3 Nf6 6. d4 cxd4 7. Nxd4 Qc7 8. Be3
Bb4 9. Nxc6 Qxc6 10. Qd4 Qxe4 11. O-O Qxc2 12. Bb3 Qxb3 13. Ne4 Nxe4 14. Qxe4
O-O 15. Bd4 d6 16. Qg4 e5 17. Qf3 Qxf3 18. gxf3 exd4 19. Rad1 Bh3 0-1

[Event "Lichtenberger Sommer 2023"]
[Site "Berlin"]
[Date "2023.08.12"]
[Round "1.89"]
[White "Nieber, Alexander"]
[Black "Mielchen, Marvin"]
[Result "1-0"]
[WhiteElo "1843"]
[BlackElo "1000"]
[PlyCount "81"]
[EventDate "2023.??.??"]
[WhiteTeam "SG Aufbau Elbe Magdeburg"]
[BlackTeam "vereinslos"]

1. d4 g6 2. e4 d6 3. f4 Nf6 4. Bd3 Bg7 5. Nf3 O-O 6. O-O c5 7. e5 dxe5 8. dxe5
Nd5 9. Be4 Nc7 10. Be3 f5 11. exf6 exf6 12. Bxc5 Re8 13. Qxd8 Rxd8 14. c3 f5
15. Bc2 Ne6 16. Bb3 Nc6 17. Re1 Re8 18. Ng5 Ncd8 19. Na3 b6 20. Bd6 Bf8 21. Nb5
Bd7 22. Nc7 Bxd6 23. Nxe8 Bc5+ 24. Kh1 Nf7 25. Nf6+ Kh8 26. Nxf7+ Kg7 27. Nxd7
Kxf7 28. Bxe6+ Ke7 29. Nxc5 Kd6 30. Nb3 Re8 31. Rad1+ Kc7 32. Rd7+ Kb8 33. Rxh7
Rd8 34. Bc4 a6 35. Bxa6 b5 36. h4 g5 37. Ree7 gxf4 38. Rb7+ Ka8 39. Ra7+ Kb8
40. Rhb7+ Kc8 41. Rb6# 1-0

[Event "Lichtenberger Sommer 2023"]
[Site "Berlin"]
[Date "2023.08.12"]
[Round "1.90"]
[White "Rohde, Carmen"]
[Black "Krüger, Ekkehard"]
[Result "0-1"]
[WhiteElo "1000"]
[BlackElo "1842"]
[PlyCount "69"]
[EventDate "2023.??.??"]
[WhiteTeam "SV Mattnetz Berlin e.V."]
[BlackTeam "SG NARVA Berlin e.V."]

1. e4 e6 2. Nf3 d5 3. Nc3 Bb4 4. Be2 d4 5. Nb5 c5 6. O-O a6 7. Na3 Nc6 8. Nc4
b5 9. Nce5 Qd6 10. Nxc6 Qxc6 11. d3 Qc7 12. a3 Ba5 13. Nh4 Ne7 14. Bf3 Bb7 15.
Qe2 Rd8 16. Bg4 Ng6 17. g3 Nxh4 18. Bf4 e5 19. Bg5 Ng6 20. Bxd8 Qxd8 21. Qf3
O-O 22. Qg2 Qg5 23. Qf3 Ne7 24. h4 Qh6 25. Kg2 f5 26. Bh3 fxe4 27. Qe2 exd3+
28. f3 dxe2 29. Rfe1 Bxe1 30. Rxe1 Qd2 31. Kf2 Rxf3+ 32. Kg2 Qe3 33. Kh2 Rf2+
34. Bg2 Rxg2+ 35. Kh1 0-1

[Event "Lichtenberger Sommer 2023"]
[Site "Berlin"]
[Date "2023.08.12"]
[Round "1.91"]
[White "Kohlmeyer, Dagobert"]
[Black "Udod, Oleksandra"]
[Result "1-0"]
[WhiteElo "1840"]
[BlackElo "845"]
[PlyCount "71"]
[EventDate "2023.??.??"]
[WhiteTeam "SG Weißensee 49 e.V."]
[BlackTeam "SK Zehlendorf e.V."]

1. e4 d5 2. exd5 Nf6 3. d4 Bg4 4. Be2 Bxe2 5. Qxe2 Qxd5 6. Nf3 e6 7. O-O Nc6 8.
Be3 O-O-O 9. Rd1 Bd6 10. Nc3 Qh5 11. h3 h6 12. Qc4 a6 13. a3 Ne7 14. Qd3 g5 15.
Ne4 Ned5 16. Nxd6+ cxd6 17. c4 Nxe3 18. Qxe3 g4 19. Nh2 Rhg8 20. hxg4 Nxg4 21.
Nxg4 Qxg4 22. g3 h5 23. Rd3 h4 24. Qf3 f5 25. Qxg4 Rxg4 26. Re1 Kd7 27. Kh2 Rh8
28. Kg2 f4 29. Kf3 Rg7 30. gxh4 Rxh4 31. Ke2 e5 32. dxe5 Rh6 33. Rxd6+ Rxd6 34.
exd6 Kxd6 35. Kf3 Rc7 36. Re4 1-0

[Event "Lichtenberger Sommer 2023"]
[Site "Berlin"]
[Date "2023.08.14"]
[Round "3.1"]
[White "Florstedt, Johannes"]
[Black "Polatel, Ali"]
[Result "1/2-1/2"]
[WhiteElo "2386"]
[BlackElo "2154"]
[PlyCount "78"]
[EventDate "2023.??.??"]
[WhiteTeam "SF Berlin 1903 e.V."]
[BlackTeam "SC Zugzwang 95 e.V."]

1. e4 c6 2. d4 d5 3. e5 Bf5 4. h4 h5 5. Bd3 Bxd3 6. Qxd3 Qa5+ 7. Bd2 Qa6 8. e6
Qxd3 9. exf7+ Kxf7 10. cxd3 Nh6 11. Nf3 Nf5 12. Bc3 Nd7 13. Nbd2 a5 14. O-O e6
15. Ng5+ Kf6 16. g3 Bd6 17. Rae1 Rhe8 18. Re2 b5 19. Rfe1 Nf8 20. Ndf3 b4 21.
Bd2 Rac8 22. Kg2 c5 23. dxc5 Rxc5 24. Be3 Rcc8 25. Bd4+ Nxd4 26. Nxd4 e5 27. f4
Nd7 28. Ngf3 Re7 29. Nb5 Bb8 30. Nbd4 Bd6 31. fxe5+ Nxe5 32. Ng5 Bb8 33. Rf1+
Kg6 34. Nge6 Rf7 35. Ref2 Rxf2+ 36. Rxf2 Kh7 37. Ng5+ Kg8 38. Nde6 Nxd3 39. Rd2
Rc2 1/2-1/2

[Event "Lichtenberger Sommer 2023"]
[Site "Berlin"]
[Date "2023.08.14"]
[Round "3.2"]
[White "Bui, Bao Anh Le"]
[Black "Colpe, Malte"]
[Result "1/2-1/2"]
[WhiteElo "2162"]
[BlackElo "2381"]
[PlyCount "120"]
[EventDate "2023.??.??"]
[WhiteTeam "SV Mattnetz Berlin e.V."]
[BlackTeam "Hamburger SK von 1830 eV"]

1. e4 e5 2. Nf3 Nc6 3. Bc4 Nf6 4. d3 Bc5 5. O-O O-O 6. Nc3 h6 7. a4 d6 8. Be3
a6 9. h3 Be6 10. Bxe6 fxe6 11. d4 Bb4 12. d5 Ne7 13. Na2 Ba5 14. b4 Bb6 15.
Bxb6 cxb6 16. dxe6 Nxe4 17. Qd3 Nf6 18. Nc3 Qc7 19. Rfe1 Rac8 20. Ra3 Kh8 21.
b5 a5 22. Re2 Nh5 23. Rd2 Nf4 24. Qe4 Rf6 25. g3 Nxe6 26. Nd5 Nc5 27. Qc4 Nxd5
28. Qxd5 Rcf8 29. Kg2 Qe7 30. Nh2 Rg6 31. Rf3 Rxf3 32. Nxf3 Rf6 33. Qc4 Qe6 34.
Qh4 d5 35. c4 d4 36. Re2 Qf5 37. Qg4 Qxg4 38. hxg4 d3 39. Rxe5 Rd6 40. Nd2 Nxa4
41. Kf1 Rd4 42. Ke1 Rxg4 43. Ne4 Nb2 44. Re8+ Kh7 45. Kd2 Nxc4+ 46. Kxd3 Nb2+
47. Kc2 Na4 48. Re7 Rg6 49. Kb3 Nc5+ 50. Nxc5 bxc5 51. Rxb7 Rg4 52. f4 Rxg3+
53. Kc4 Rf3 54. Kxc5 Rxf4 55. Ra7 Rf5+ 56. Kc6 Rf6+ 57. Kc5 h5 58. b6 Rf5+ 59.
Kc6 Rf6+ 60. Kc5 Rf5+ 1/2-1/2

[Event "Lichtenberger Sommer 2023"]
[Site "Berlin"]
[Date "2023.08.14"]
[Round "3.3"]
[White "Figura, Atila Gajo"]
[Black "Brinkmann, Fabian"]
[Result "1/2-1/2"]
[WhiteElo "2371"]
[BlackElo "2147"]
[PlyCount "37"]
[EventDate "2023.??.??"]
[WhiteTeam "SC Friesen Lichtenberg e.V."]
[BlackTeam "Hamburger SK von 1830 eV"]

1. d4 Nf6 2. Nf3 d5 3. c4 e6 4. Nc3 dxc4 5. Qa4+ Nbd7 6. Bg5 Be7 7. Qxc4 a6 8.
Rd1 b5 9. Qb3 Bb7 10. e3 O-O 11. Be2 c5 12. dxc5 Qc7 13. Bf4 Qxc5 14. O-O Rfd8
15. a3 h6 16. Rc1 Rac8 17. Rfd1 Qf5 18. Qa2 Nc5 19. Rxd8+ 1/2-1/2

[Event "Lichtenberger Sommer 2023"]
[Site "Berlin"]
[Date "2023.08.14"]
[Round "3.4"]
[White "Wiechert, Hans"]
[Black "Hesse, Henrik"]
[Result "0-1"]
[WhiteElo "2151"]
[BlackElo "2266"]
[PlyCount "52"]
[EventDate "2023.??.??"]
[WhiteTeam "SC Untergrombach 46"]
[BlackTeam "SV Mattnetz Berlin e.V."]

1. d4 Nf6 2. c4 g6 3. g3 c6 4. Qa4 Bg7 5. Bg2 O-O 6. Nc3 d5 7. cxd5 cxd5 8. Nh3
Ne4 9. Nf4 Nxc3 10. bxc3 e6 11. O-O Nc6 12. e4 dxe4 13. Ba3 Re8 14. Bxe4 Bd7
15. Qc2 Rc8 16. Qe2 Qa5 17. Bb2 e5 18. dxe5 Nxe5 19. Qd1 Red8 20. Qb3 Bb5 21.
Rfe1 Qa6 22. Bd5 Rxd5 23. Qxd5 Bc6 24. Rxe5 Bxe5 25. Qd2 Bxf4 26. Qxf4 Qe2 0-1

[Event "Lichtenberger Sommer 2023"]
[Site "Berlin"]
[Date "2023.08.14"]
[Round "3.5"]
[White "Amelang, Thomas"]
[Black "Lorenz, Sascha"]
[Result "0-1"]
[WhiteElo "2141"]
[BlackElo "2261"]
[PlyCount "52"]
[EventDate "2023.??.??"]
[WhiteTeam "Münchener SC 1836 e.V."]
[BlackTeam "SK König Tegel 1949 e.V."]

1. e4 d5 2. exd5 Nf6 3. d4 Bg4 4. Be2 Bxe2 5. Qxe2 Qxd5 6. Nf3 Nc6 7. Nc3 Qf5
8. Be3 O-O-O 9. O-O-O e6 10. Qd3 Qa5 11. Bg5 Nxd4 12. Kb1 Nc6 13. Qc4 Be7 14.
h3 h6 15. Be3 a6 16. Nd4 Ne5 17. Qe2 Nd5 18. Nxd5 Rxd5 19. Nb3 Qb5 20. Qxb5
Rxb5 21. Rhe1 Bf6 22. Bd4 Nd7 23. Bxf6 Nxf6 24. Nd4 Rg5 25. g4 Rd8 26. c4 Rc5
0-1

[Event "Lichtenberger Sommer 2023"]
[Site "Berlin"]
[Date "2023.08.14"]
[Round "3.6"]
[White "Heinig, Wolfram"]
[Black "Vogel, Robert"]
[Result "1/2-1/2"]
[WhiteElo "2254"]
[BlackElo "2104"]
[PlyCount "22"]
[EventDate "2023.??.??"]
[WhiteTeam "SK Zehlendorf e.V."]
[BlackTeam "SK München Südost e.V."]

1. d4 Nf6 2. Bg5 c5 3. d5 Qb6 4. Nc3 Qxb2 5. Bd2 Qb6 6. e4 d6 7. f4 g6 8. Nf3
Bg7 9. Rb1 Qd8 10. Bb5+ Nfd7 11. a4 O-O 1/2-1/2

[Event "Lichtenberger Sommer 2023"]
[Site "Berlin"]
[Date "2023.08.14"]
[Round "3.7"]
[White "Zur, Jan"]
[Black "Holinka, Henning"]
[Result "1/2-1/2"]
[WhiteElo "2122"]
[BlackElo "2241"]
[PlyCount "107"]
[EventDate "2023.??.??"]
[WhiteTeam "SC Rotation Pankow e.V."]
[BlackTeam "Hamburger SK von 1830 eV"]

1. e4 c5 2. Nf3 d6 3. Bb5+ Nd7 4. O-O Ngf6 5. e5 dxe5 6. Nxe5 a6 7. Nxd7 Nxd7
8. Bc4 e6 9. a4 Bd6 10. d3 O-O 11. Nc3 Ne5 12. Bb3 Qh4 13. h3 f5 14. f4 Nc6 15.
Be3 Kh8 16. Qe1 Qxe1 17. Raxe1 Bd7 18. Re2 Rae8 19. g3 Nd4 20. Bxd4 cxd4 21.
Nb1 e5 22. fxe5 Bxe5 23. g4 Bg3 24. Rxe8 Rxe8 25. gxf5 Re2 26. Bd5 Bh2+ 27. Kh1
Be5 28. Na3 Rh2+ 29. Kg1 Rxh3 30. Nc4 Bf6 31. a5 h5 32. Nd6 h4 33. Bxb7 Re3 34.
Rf3 Rxf3 35. Bxf3 Kh7 36. Be4 h3 37. Nf7 Kg8 38. Nd6 Be5 39. Nc4 Bb8 40. Nb6
Bb5 41. c4 dxc3 42. bxc3 Kf7 43. c4 Be8 44. d4 Bf4 45. Nd5 Bd2 46. Nc7 Be3+ 47.
Kf1 Bxd4 48. Bd5+ Ke7 49. Nxe8 Kxe8 50. Bb7 Bc3 51. Bxa6 Bxa5 52. Kg1 Bc7 53.
Bc8 Ke7 54. f6+ 1/2-1/2

[Event "Lichtenberger Sommer 2023"]
[Site "Berlin"]
[Date "2023.08.14"]
[Round "3.8"]
[White "Möller, Dustin"]
[Black "Krefenstein, Sergej"]
[Result "1-0"]
[WhiteElo "2230"]
[BlackElo "2065"]
[PlyCount "113"]
[EventDate "2023.??.??"]
[WhiteTeam "Preetzer TSV"]
[BlackTeam "TuS Makkabi Berlin e.V."]

1. c4 Nf6 2. Nf3 g6 3. d4 Bg7 4. g3 O-O 5. Bg2 c6 6. O-O d5 7. b3 Bf5 8. Bb2
Ne4 9. Nh4 Be6 10. e3 Nd7 11. cxd5 cxd5 12. Nd2 Ndf6 13. Nxe4 Nxe4 14. Qd3 Nd6
15. Rfc1 Qd7 16. Ba3 Rfc8 17. Bf1 Rxc1 18. Rxc1 Rc8 19. Rxc8+ Nxc8 20. Qb5 Qxb5
21. Bxb5 a6 22. Bd3 Bd7 23. Nf3 e6 24. h4 Bf8 25. Bxf8 Kxf8 26. g4 Nd6 27. g5
Bb5 28. Bc2 Kg7 29. Kg2 h6 30. Kg3 hxg5 31. hxg5 Kf8 32. Ne5 Ke7 33. a4 Be8 34.
Kf4 Nc8 35. Ng4 Na7 36. Ne5 Kd6 37. Nd3 a5 38. b4 axb4 39. Nxb4 Nc6 40. Nxc6
Bxc6 41. a5 Bb5 42. f3 Bd7 43. e4 Bc6 44. Bb3 Bd7 45. Ke3 Bc6 46. Kd3 e5 47.
dxe5+ Kxe5 48. f4+ Kxf4 49. exd5 Bb5+ 50. Kd4 Kxg5 51. Kc5 Ba6 52. d6 Kf6 53.
Kb6 g5 54. Kc7 Bb5 55. Bd5 g4 56. Bxb7 g3 57. d7 1-0

[Event "Lichtenberger Sommer 2023"]
[Site "Berlin"]
[Date "2023.08.14"]
[Round "3.9"]
[White "Plump, Detlef"]
[Black "Tscheuschner, Georg"]
[Result "0-1"]
[WhiteElo "2089"]
[BlackElo "2229"]
[PlyCount "110"]
[EventDate "2023.??.??"]
[WhiteTeam "Bremer SG von 1877"]
[BlackTeam "SV Mattnetz Berlin e.V."]

1. e4 c5 2. Nf3 d6 3. d4 cxd4 4. Nxd4 Nf6 5. Nc3 a6 6. h3 e5 7. Nde2 h5 8. Bg5
Be6 9. g3 Be7 10. Bg2 b5 11. Bxf6 Bxf6 12. Nd5 O-O 13. Nec3 h4 14. Nxf6+ Qxf6
15. O-O Nc6 16. Nd5 Bxd5 17. exd5 Ne7 18. c3 Qg5 19. Qg4 Qxg4 20. hxg4 hxg3 21.
fxg3 Rab8 22. a3 Nc8 23. Rf2 Nb6 24. Be4 Rbc8 25. Kg2 g6 26. g5 Kg7 27. Rd1 Rc4
28. Re2 Nd7 29. Rh1 a5 30. Rh4 f5 31. gxf6+ Nxf6 32. Bf3 e4 33. Bxe4 g5 34. b3
Rxc3 35. Rh1 Nxe4 36. Rxe4 Rc2+ 37. Kg1 Rc1+ 38. Kg2 Rc2+ 39. Kg1 Rf3 40. Re7+
Kf6 41. Rhh7 Rxg3+ 42. Kf1 Rxb3 43. Re6+ Kf5 44. Rf7+ Kg4 45. Rf2 Rb1+ 46. Kg2
Rbb2 47. Rxc2 Rxc2+ 48. Kf1 b4 49. axb4 axb4 50. Rxd6 b3 51. Rb6 b2 52. d6 Rc1+
53. Ke2 b1=Q 54. Rxb1 Rxb1 55. d7 Rb8 0-1

[Event "Lichtenberger Sommer 2023"]
[Site "Berlin"]
[Date "2023.08.14"]
[Round "3.10"]
[White "Fartmann, Oliver"]
[Black "Tiarks, Jann-Christian"]
[Result "1/2-1/2"]
[WhiteElo "2065"]
[BlackElo "2211"]
[PlyCount "118"]
[EventDate "2023.??.??"]
[WhiteTeam "SV Mattnetz Berlin e.V."]
[BlackTeam "SC Empor Potsdam 1952 e.V."]

1. d4 d5 2. c4 c6 3. Nc3 Nf6 4. e3 e6 5. Nf3 Nbd7 6. Be2 Bd6 7. O-O O-O 8. b3
b6 9. Bb2 Bb7 10. Bd3 Rc8 11. Rc1 h6 12. Rc2 Qe7 13. Re1 Rfd8 14. e4 dxe4 15.
Nxe4 Nxe4 16. Bxe4 Nf6 17. Bd3 Qf8 18. Qc1 c5 19. d5 exd5 20. Bxf6 gxf6 21. Nh4
Qg7 22. Nf5 Qg5 23. Nxh6+ Kf8 24. Qxg5 fxg5 25. cxd5 Bxd5 26. Ba6 Rb8 27. Nf5
Be6 28. Nxd6 Rxd6 29. Bc4 Bxc4 30. Rxc4 Rd2 31. a4 Rb2 32. Rc3 Rd8 33. h3 Rd4
34. g3 Rb4 35. Ree3 Kg7 36. Rf3 Kg6 37. Rcd3 Rd4 38. Rxd4 cxd4 39. Rd3 Kf6 40.
Rxd4 Rxb3 41. a5 bxa5 42. Rd6+ Ke5 43. Ra6 Ra3 44. Rxa7 f5 45. h4 gxh4 46. gxh4
Kf4 47. h5 Kg5 48. Rf7 Kxh5 49. Rxf5+ Kg4 50. Rf8 a4 51. Kg2 Ra2 52. Re8 Kf4
53. Re7 a3 54. Re3 Ra1 55. Kh2 Kg4 56. Kg2 Kf5 57. Kh2 Kf4 58. Kg2 Ra2 59. Kg1
Ra1+ 1/2-1/2

[Event "Lichtenberger Sommer 2023"]
[Site "Berlin"]
[Date "2023.08.14"]
[Round "3.11"]
[White "Heuser, Philip"]
[Black "Zackrisson, Peter"]
[Result "1/2-1/2"]
[WhiteElo "2061"]
[BlackElo "2204"]
[PlyCount "56"]
[EventDate "2023.??.??"]
[WhiteTeam "Münchener SC 1836 e.V."]
[BlackTeam "USV Potsdam e.V., Abt. Schach"]

1. d4 Nf6 2. c4 g6 3. Nc3 Bg7 4. Nf3 O-O 5. g3 d6 6. Bg2 Nc6 7. O-O e5 8. dxe5
Nxe5 9. Nxe5 dxe5 10. Qxd8 Rxd8 11. Bg5 Rd7 12. Nd5 Nxd5 13. cxd5 h6 14. Bc1 b6
15. e4 c6 16. dxc6 Rc7 17. Be3 Rxc6 18. Rac1 Rxc1 19. Rxc1 Be6 20. a3 Rc8 21.
Rxc8+ Bxc8 22. f3 Kf8 23. Kf1 Ke7 24. Ke1 Kd6 25. Bf1 Be6 26. Kd2 h5 27. Kc3
Kc6 28. a4 a5 1/2-1/2